00422nam a2200133Ia 4500008004100000020001500041082001700056100002200073245010000095260003700195300001000232500002700242600001900269250611s9999 xx 000 0 und d a0911038205 a305.8924 GRI aGrimstad, Willaim 0aAntizion:ba Survey of Commentary on Organized Jewry by Leading Personalities Through the Ages  aTorrance:bNoontide Press,c1973 a200p. aincludes bibiliography aSocial Science